| 000 | 00614nam a2200169Ia 4500 | ||
|---|---|---|---|
| 008 | 090711s9999 xx 000 0 und d | ||
| 082 | _b79229 | ||
| 100 | _aघाणेकर मधुसूदन | ||
| 245 | _aहस्ताक्षराSो अंतरंग | ||
| 260 |
_bसुयोग प्रकाशन _c1996 |
||
| 300 | _a132 | ||
| 600 | _aघाणेकर मधुसूदन | ||
| 630 | _aहस्ताक्षराSो अंतरंग | ||
| 700 | _aघाणेकर मधुसूदन | ||
| 730 | _aहस्ताक्षराSो अंतरंग | ||
| 942 | _cBOOK | ||
| 999 |
_c328618 _d328618 |
||